000 00433nam a2200169Ia 4500
008 240729s9999 xx 000 0 und d
022 _a0717-6317
245 0 _aRevista Chilena de Historia Natural
260 _aUnited Kingdom
260 _bBMC
650 _a Botany
650 _a Zoology | Science
650 _aScience
856 _uhttps://doaj.org/toc/4740671c2efe410cb707b587622fe3ab
942 _2ddc
942 _cDOAJEJ
999 _c74021
_d74021
945 _a1
_bMadushi Gamage
_c1
_dMadushi Gamage